000 00447nam a2200193Ia 4500
005 20240823034226.0
008 240823s9999||||xx |||||||||||||| ||und||
020 _a978-81-264-2170-1
041 _aMALAYALAM
082 _A894.8123 P8
100 _aVinu Abraham
245 0 _aKazhuthappulikalude Chiri
250 _a1st
260 _c2008
_b"D C Books,Kot"
500 _aYES
650 _aStories
_bGeneral
942 _cBK
999 _c197732
_d197732